Nigerian Small Farms (Record no. 4159)

MARC details
000 -LEADER
fixed length control field 00296nam a22001217a 4500
008 - FIXED-LENGTH DATA ELEMENTS--GENERAL INFORMATION
fixed length control field 250707b |||||||| |||| 00| 0 eng d
100 ## - MAIN ENTRY--AUTHOR
Author OLAYIDE, Olajuwon S.
245 ## - TITLE STATEMENT
Title Nigerian Small Farms
260 ## - PUBLICATION, DISTRIBUTION, ETC. (IMPRINT)
Place of publication Ibadan
Name of publisher Card Center Ltd
Date of publication 1980
300 ## - COLLATION
Pagination 315p.
942 ## - ADDED ENTRY ELEMENTS (KOHA)
Item type Books
050 ## - LIBRARY OF CONGRESS CALL NUMBER
Classification number HD1339
Item number .O53
Holdings
Source of classification or shelving scheme Not for loan Permanent location Current location Date acquired Accession No. Full call number Barcode. Koha item type
Library of Congress Classification   Samuel Ogbemudia Main Library, University of Abuja Samuel Ogbemudia Main Library, University of Abuja 07/07/2025 93-013064 HD1339.O53 2025-2904 Books